| 000 | 01040nam a22002534a 4500 | ||
|---|---|---|---|
| 001 | BIBLIOTECA MUNICIPAL DE BARRANCO | ||
| 007 | ta | ||
| 008 | t pe gr 00| 0 spa d | ||
| 040 | _aBIBLIOTECA MUNICIPAL DE BARRANCO | ||
| 041 | _aspa | ||
| 043 | _cpe | ||
| 245 |
_aEl libro en Piura, _buna historia inacabada / _cJuan Carlos Adriazola |
||
| 250 | _aPrimera edición. | ||
| 260 |
_aPiura : _bMunicipalidad Provincial de Piura : Caramanduca Editores, _c2013. |
||
| 300 |
_a96 páginas, 1 página sin numerar, 15 hojas de láminas sin numerar :ilustraciones, retratos ; _c 21 cm. |
||
| 490 | _aSapiens | ||
| 500 | _aGlosario: páginas 83-90. | ||
| 504 | _aBibliografía: página 91-96. | ||
| 505 | _aEl libro: reflexiones de una historia inacabada. Librerías, libreros, editores y autores de Piura. | ||
| 650 | 0 |
_96195 _aLibros y lectura-Perú-Piura-Historia. |
|
| 650 | 0 |
_96196 _aLibreros y librerías-Perú-Piura-Historia. |
|
| 710 |
_96197 _aPiura. Municipalidad, entidad editora. |
||
| 942 |
_cBK _e2024-12-28 _zAAOH |
||
| 999 |
_c10601 _d10601 |
||